Competitive Analysis & Customer Satisfaction on Network Services (Record no. 69139)

MARC details
000 -LEADER
fixed length control field 00392nam a2200145Ia 4500
008 - FIXED-LENGTH DATA ELEMENTS--GENERAL INFORMATION
fixed length control field 221007s9999 xx 000 0 und d
041 ## - LANGUAGE CODE
Language code of text/sound track or separate title eng
082 ## - DEWEY DECIMAL CLASSIFICATION NUMBER
Item number CHA
100 ## - MAIN ENTRY--PERSONAL NAME
Personal name Chattopadhyay A (2K41007)
9 (RLIN) 101984
245 ## - TITLE STATEMENT
Title Competitive Analysis & Customer Satisfaction on Network Services
260 ## - PUBLICATION, DISTRIBUTION, ETC. (IMPRINT)
Date of publication, distribution, etc. 2006
Name of publisher, distributor, etc. Pune University
Place of publication, distribution, etc. Pune
300 ## - PHYSICAL DESCRIPTION
Extent 90p
520 ## - SUMMARY, ETC.
Summary, etc. Dhotre M
906 ## - LOCAL DATA ELEMENT F, LDF (RLIN)
b General
Holdings
Withdrawn status Lost status Damaged status Not for loan Home library Current library Date acquired Vendor Full call number Barcode Date last seen Bill Date Koha item type Original Barcode Total Checkouts
        Smt. Hiraben Nanavati Institute of Management & Research for Women Smt. Hiraben Nanavati Institute of Management & Research for Women 26/07/2006 HNIMR CHA HIMR-PR-209 07/10/2022 26/07/2006 Project Reports PR0209  
        Smt. Hiraben Nanavati Institute of Management & Research for Women Smt. Hiraben Nanavati Institute of Management & Research for Women 08/10/2007 HNIMR CHA HIMR-PR-159 07/10/2022 08/10/2007 Project Reports PR0159